Countries by Number of Nuclear Reactors - Statistics

General Stats
  • This quiz has been taken 217 times
  • The average score is 13 of 16
Answer Stats
Reactors Country % Correct
96 United States
100%
47 China
99%
57 France
99%
38 Russia
96%
15 United Kingdom
96%
6 Germany
93%
9* Japan
92%
19 Canada
89%
21 India
89%
24 South Korea
85%
7 Spain
81%
15 Ukraine
80%
5 Pakistan
74%
7 Sweden
64%
7 Belgium
48%
6 Czech Republic
29%
No matching quizzes found
Score Distribution
Percent of People with Each Score
Percentile by Number Answered
Your Score History
You have not taken this quiz